| 000 | 01382nam0a22002771 4500 | ||
|---|---|---|---|
| 001 | v19\rc\1482643 | ||
| 005 | 20260407175950.0 | ||
| 035 | _a(NLR Aleph) 004615271 | ||
| 090 |
_a2967710 _c2967710 |
||
| 100 | _a20060620d1879 |||y0rusy50 ca | ||
| 101 | 0 | _arus | |
| 102 | _aRU | ||
| 105 | _ay z ||||| | ||
| 200 | 1 |
_aКонвенция о пассажирском и товарном сообщении между Юго-Западными и Яссы-Унгенской дорогами чрез Унгени _eС 20 сент. 1879 г. _a[Специальные тарифы прямого сообщения между Юго-Западными и Яссы-Унгенской дорогами чрез Унгени _eС 20 сент. 1879 г.] |
|
| 210 |
_aБ.м. _d[1879] |
||
| 215 |
_a18, 13 с. _d27 |
||
| 540 | 1 | _aСпециальные тарифы прямого сообщения между Юго-Западными и Яссы-Унгенской дорогами чрез Унгени | |
| 711 | 0 | 2 |
_aЮго-Западные железные дороги _3RU\NLR\AUTH\8810113821 _9727088 |
| 711 | 0 | 2 |
_aЯссы-Унгенская железная дорога _3RU\NLR\AUTH\8810114112 _9727615 |
| 801 | 0 |
_aRU _bNLR _gpsbo |
|
| 801 | 0 |
_aRU _bRuMoRGB _2psbo |
|
| 801 | 1 |
_aRU _bProSoft-M _2rusmarc |
|
| 852 |
_aNLR _j18.139.2.576 |
||
| 942 | _cBOOK | ||
| 980 | _aNB | ||